<?xml version="1.0" encoding="UTF-8"?>
<collection xmlns="http://www.loc.gov/MARC21/slim">
 <record>
  <leader>00733nam a22001935a 4500</leader>
  <controlfield tag="001">EHU.bham043443</controlfield>
  <controlfield tag="003">AR-BHAM</controlfield>
  <controlfield tag="005">20150917152040.0</controlfield>
  <controlfield tag="008">130507s2003##################000#0#####d</controlfield>
  <datafield tag="082" ind1="7" ind2="2">
   <subfield code="a">725.9821</subfield>
  </datafield>
  <datafield tag="245" ind1="0" ind2="0">
   <subfield code="a">Los italianos y la construcción del teatro colón de punta alta  /</subfield>
   <subfield code="b">coord. general de luciano izarra</subfield>
   <subfield code="c"> Archivo Histórico Municipal  :</subfield>
  </datafield>
  <datafield tag="260" ind1=" " ind2=" ">
   <subfield code="a">Punta Alta :</subfield>
   <subfield code="b">El Archivo,</subfield>
   <subfield code="c">2003</subfield>
  </datafield>
  <datafield tag="300" ind1=" " ind2=" ">
   <subfield code="a">87 p.</subfield>
  </datafield>
  <datafield tag="653" ind1=" " ind2=" ">
   <subfield code="a">Punta alta-historia de-teatro colón de</subfield>
  </datafield>
  <datafield tag="653" ind1=" " ind2=" ">
   <subfield code="a">Punta alta-inmigración italiana</subfield>
  </datafield>
  <datafield tag="653" ind1=" " ind2=" ">
   <subfield code="a">Argentina-historia regional-punta alta</subfield>
  </datafield>
  <datafield tag="653" ind1=" " ind2=" ">
   <subfield code="a">Buenos aires-provincia-punta alta</subfield>
  </datafield>
  <datafield tag="700" ind1="1" ind2=" ">
   <subfield code="a">Izarra, Luciano, coord.</subfield>
  </datafield>
  <datafield tag="859" ind1=" " ind2=" ">
   <subfield code="a">AR-BHAM</subfield>
   <subfield code="b">BIB. HUMANIDADES - General</subfield>
   <subfield code="h">725.9821</subfield>
   <subfield code="i">It1</subfield>
   <subfield code="p">187.08</subfield>
   <subfield code="t">Ej.1</subfield>
  </datafield>
 </record>
</collection>
